[Event "2.BLS 0506 Bad Mergentheim - SC Bann"]
[Site "?"]
[Date "2005.10.23"]
[Round "1.2"]
[White "Karpatchev, Aleksandr"]
[Black "Bunzmann, Dimitri"]
[Result "1-0"]
[WhiteElo "2507"]
[BlackElo "2537"]
[PlyCount "128"]
[EventDate "2005.??.??"]

1. e4 e6 2. d4 d5 3. Nd2 Nf6 4. e5 Nfd7 5. c3 c5 6. Bd3 Nc6 7. Ndf3 Qa5 8. Bd2
Qb6 9. Ne2 Qxb2 10. O-O Qa3 11. Qb1 h6 12. h4 Nb6 13. Bc1 Qa5 14. a4 c4 15. Bc2
Bd7 16. Ba3 Bxa3 17. Rxa3 O-O-O 18. Qa1 Rdf8 19. Rb1 Ne7 20. Rb4 Bc6 21. Qb2
Nd7 22. Ra1 Rhg8 23. Rb1 Qc7 24. a5 g5 25. Qa3 Kd8 26. hxg5 hxg5 27. Qc1 Kc8
28. Qa3 g4 29. Nh4 Ng6 30. Nxg6 fxg6 31. Qc1 g5 32. Ng3 Nb8 33. Bd1 Qf7 34. Qe3
Rh8 35. Bxg4 Rh4 36. f3 Qg6 37. R4b2 Nd7 38. Re1 Rd8 39. Kf2 Rf8 40. Kg1 Rfh8
41. Kf2 Rf8 42. Ke2 Nb8 43. Rh1 Rfh8 44. Rxh4 gxh4 45. Nh1 Bd7 46. Nf2 Nc6 47.
Ra2 Qb1 48. Qd2 Ne7 49. Qb2 Qg1 50. Ra1 Qxg2 51. Rh1 Bc6 52. a6 Kb8 53. Qa3 Nc8
54. Qc5 Ka8 55. axb7+ Bxb7 56. Qc7 Nb6 57. Ra1 Nc8 58. Qg7 Re8 59. Rh1 Re7 60.
Qf8 Qg3 61. Qf6 Bc6 62. Rb1 Bd7 63. Qf8 Be8 64. Bh5 Bd7 1-0

[Event "2.BLS 0506 Bad Mergentheim - SC Bann"]
[Site "?"]
[Date "2005.10.23"]
[Round "1.3"]
[White "Slobodjan, Roman"]
[Black "Gasthofer, Alexander"]
[Result "0-1"]
[WhiteElo "2526"]
[BlackElo "2418"]
[PlyCount "117"]
[EventDate "2005.??.??"]

1. c4 e5 2. Nc3 Nf6 3. Nf3 Nc6 4. e3 Bb4 5. Qc2 Bxc3 6. Qxc3 Qe7 7. a3 d5 8. d4
exd4 9. Nxd4 Nxd4 10. Qxd4 dxc4 11. Qxc4 Be6 12. Qh4 O-O-O 13. Be2 Bd5 14. O-O
Qe4 15. Qxe4 Bxe4 16. Re1 Bd3 17. Bd1 c5 18. f3 Nd5 19. e4 Rhe8 20. Kf2 Nc7 21.
Be3 b6 22. Rc1 Kb7 23. Bb3 f6 24. Red1 Bb5 25. Bf7 Rf8 26. Ba2 a5 27. Bf4 a4
28. Bd6 Rh8 29. Bf4 Bc6 30. h4 Nb5 31. Be3 Rhe8 32. Bf7 Rf8 33. Bc4 Nd6 34. Ba2
Nb5 35. g4 Nd4 36. Bxd4 cxd4 37. Rc4 d3 38. Rc3 h5 39. gxh5 d2 40. Ke3 f5 41.
Rd3 Rxd3+ 42. Kxd3 fxe4+ 43. fxe4 Rf4 44. Kxd2 Rxh4 45. Rg1 Bxe4 46. Rxg7+ Kc6
47. Ke3 Bc2 48. Rg5 b5 49. Bd5+ Kb6 50. Kd2 Rh2+ 51. Kc1 Bd3 52. Bg2 Ka5 53.
Kd1 Bc4 54. Ke1 Bf7 55. Bf3 Bc4 56. Rg2 Rh3 57. Kf2 Kb6 58. Rg6+ Kc5 59. h6 {
(Zue.)} 0-1

[Event "2.BLS 0506 Bad Mergentheim - SC Bann"]
[Site "?"]
[Date "2005.10.23"]
[Round "1.4"]
[White "Gasthofer, Viktor"]
[Black "Dolezal, Radoslav"]
[Result "1/2-1/2"]
[WhiteElo "2330"]
[BlackElo "2387"]
[PlyCount "25"]
[EventDate "2005.??.??"]

1. c4 c6 2. Nf3 d5 3. b3 Bg4 4. e3 e6 5. Bb2 Nd7 6. Be2 Ngf6 7. O-O Bd6 8. cxd5
exd5 9. Nd4 Bxe2 10. Qxe2 O-O 11. f4 Re8 12. g4 Bf8 13. g5 1/2-1/2

[Event "2.BLS 0506 Bad Mergentheim - SC Bann"]
[Site "?"]
[Date "2005.10.23"]
[Round "1.5"]
[White "Nun, Jiri"]
[Black "Bogdanovich, Grigory"]
[Result "1/2-1/2"]
[WhiteElo "2376"]
[BlackElo "2349"]
[PlyCount "77"]
[EventDate "2005.??.??"]

1. e4 c5 2. Nf3 Nf6 3. e5 Nd5 4. Nc3 Nxc3 5. dxc3 Nc6 6. Bf4 Qc7 7. Qd2 e6 8.
h4 h6 9. O-O-O b6 10. h5 Bb7 11. Rh3 O-O-O 12. g4 Ne7 13. c4 g5 14. Bh2 Bg7 15.
Qe3 Qc6 16. Ne1 Qe4 17. Qa3 Bxe5 18. Bxe5 Qxe5 19. Qxa7 Qf4+ 20. Kb1 Kc7 21.
Rf3 Qxg4 22. Be2 Nc8 23. Qa4 Bc6 24. Qa6 Qxh5 25. Re3 Qh2 26. Nd3 d6 27. Qa3 h5
28. b4 g4 29. Qc3 Rhe8 30. Qf6 Rd7 31. b5 Bb7 32. a4 Ne7 33. Qxf7 Nf5 34. Qxe8
Nxe3 35. fxe3 Qxe2 36. Re1 Qd2 37. Rf1 Bf3 38. Nf4 e5 39. Ne6+ 1/2-1/2

[Event "2.BLS 0506 Bad Mergentheim - SC Bann"]
[Site "?"]
[Date "2005.10.23"]
[Round "1.6"]
[White "Schmidt-Schaeffer, Sebastian"]
[Black "Muraniy, Karl-Jasmin"]
[Result "0-1"]
[WhiteElo "2325"]
[BlackElo "2359"]
[PlyCount "114"]
[EventDate "2005.??.??"]

1. e4 e5 2. Nf3 Nc6 3. Bb5 Nge7 4. Nc3 d6 5. d4 a6 6. Bc4 Nxd4 7. Nxd4 exd4 8.
Qxd4 Nc6 9. Qe3 Be7 10. Bd2 Be6 11. Nd5 O-O 12. O-O Bf6 13. Nxf6+ Qxf6 14. Bc3
Qe7 15. Bb3 Bxb3 16. axb3 Rae8 17. Rae1 f6 18. Qd3 Qe6 19. f4 Re7 20. Rf3 Rfe8
21. h3 Qf7 22. Rfe3 Qh5 23. Kh2 h6 24. Bd2 Kh8 25. b4 Kg8 26. c4 Kh8 27. Bc3
Nd8 28. g3 Nc6 29. b5 Nb8 30. bxa6 Nxa6 31. b4 Nb8 32. g4 Qf7 33. Kg3 Nd7 34.
Bb2 Kg8 35. Qd5 Nb6 36. Qxf7+ Kxf7 37. c5 Nc4 38. R3e2 Nxb2 39. Rxb2 Rxe4 40.
Rxe4 Rxe4 41. cxd6 cxd6 42. Rc2 Rxb4 43. f5 Rb3+ 44. Kg2 Re3 45. Rd2 Re8 46.
Rxd6 Ke7 47. Rb6 Rb8 48. Kf3 Kd7 49. Ke4 Kc7 50. Rb3 b5 51. Kd4 Kb6 52. Re3 Rb7
53. Re8 Rc7 54. Kd5 b4 55. Kd4 Kb5 56. Kd5 Rd7+ 57. Ke6 Rb7 0-1

[Event "2.BLS 0506 Bad Mergentheim - SC Bann"]
[Site "?"]
[Date "2005.10.23"]
[Round "1.7"]
[White "Baerwinkel, Tobias"]
[Black "Hauke, Christian"]
[Result "1/2-1/2"]
[WhiteElo "2266"]
[BlackElo "2267"]
[PlyCount "26"]
[EventDate "2005.??.??"]

1. e4 d6 2. d4 Nf6 3. Nc3 Nbd7 4. Nf3 e5 5. Bc4 Be7 6. O-O O-O 7. Re1 exd4 8.
Nxd4 Nb6 9. Be2 d5 10. Nxd5 Nbxd5 11. exd5 Nxd5 12. Bf3 Bf6 13. c3 c6 {(=)}
1/2-1/2

[Event "2.BLS 0506 Bad Mergentheim - SC Bann"]
[Site "?"]
[Date "2005.10.23"]
[Round "1.8"]
[White "Pfleger, Michael"]
[Black "Mozny, Mylos"]
[Result "0-1"]
[WhiteElo "2217"]
[BlackElo "2364"]
[PlyCount "92"]
[EventDate "2005.??.??"]

1. d4 d5 2. Nf3 Nf6 3. g3 c6 4. Bg2 Bf5 5. O-O e6 6. Re1 Be7 7. Ne5 Nbd7 8.
Nxd7 Qxd7 9. Nd2 h5 10. f3 h4 11. g4 h3 12. gxf5 hxg2 13. e4 dxe4 14. Nxe4 Qc7
15. f4 Nxe4 16. Rxe4 exf5 17. Re2 O-O-O 18. Rxg2 Bd6 19. Qf3 g6 20. Be3 Rde8
21. Rd1 Re4 22. d5 Rhe8 23. Bf2 Rxf4 24. Qd3 c5 25. Qa3 a6 26. Qd3 Rfe4 27. c4
b6 28. a3 Kb7 29. Kf1 Be5 30. b4 cxb4 31. Rc1 Bd4 32. axb4 Rf4 33. Rc2 Qe5 34.
Qd2 Qe4 35. Qd1 Bxf2 36. Rcxf2 Qxc4+ 37. Kg1 Rfe4 38. Rf1 Rd8 39. Rd2 Rg4+ 40.
Kh1 Qxb4 41. Re1 Re4 42. Rf1 Qd6 43. Rf3 a5 44. Rc3 Qe5 45. Rc1 Re8 46. Qc2
Re1+ 0-1

[Event "2.BLS 0506 SG Turm Trier - Bayern Münch"]
[Site "?"]
[Date "2005.10.23"]
[Round "1.1"]
[White "Marcelin, Cyril"]
[Black "Jaracz, Pawel"]
[Result "0-1"]
[WhiteElo "2463"]
[BlackElo "2492"]
[PlyCount "112"]
[EventDate "2005.??.??"]

1. d4 Nf6 2. c4 e6 3. Nc3 Bb4 4. Qc2 O-O 5. a3 Bxc3+ 6. Qxc3 d6 7. Bg5 Nbd7 8.
f3 h6 9. Bh4 b6 10. e4 c5 11. Bf2 Ba6 12. Rd1 Qc7 13. Be2 Rfe8 14. Rd2 Rac8 15.
d5 exd5 16. cxd5 Qb7 17. Bxa6 Qxa6 18. Ne2 Ne5 19. O-O Qc4 20. Bg3 Qa4 21. Qc2
Qd7 22. h3 b5 23. Bxe5 dxe5 24. g4 c4 25. Ng3 Qd6 26. Qc3 Qb6+ 27. Kh2 Nd7 28.
Nf5 a5 29. Rg2 b4 30. axb4 axb4 31. Qc1 Nf8 32. d6 Kh7 33. Rd1 Red8 34. g5 h5
35. Ne7 Rc5 36. g6+ fxg6 37. Nxg6 Ne6 38. Ne7 Rxd6 39. Nd5 Qd8 40. Rdg1 Rd7 41.
Rg6 Nf4 42. Nxf4 exf4 43. Qxf4 Qc7 44. Qxc7 Rcxc7 45. R6g5 Rd2+ 46. R1g2 Rxg2+
47. Rxg2 h4 48. e5 c3 49. bxc3 bxc3 50. Rc2 Kg6 51. Rc1 Kf5 52. f4 Rc8 53. Kg2
Kxf4 54. e6 Ke3 55. e7 Kd2 56. Rf1 Re8 0-1

[Event "2.BLS 0506 SG Turm Trier - Bayern Münch"]
[Site "?"]
[Date "2005.10.23"]
[Round "1.2"]
[White "Bobras, Piotr"]
[Black "Heinzel, Olaf"]
[Result "1-0"]
[WhiteElo "2563"]
[BlackElo "2401"]
[PlyCount "109"]
[EventDate "2005.??.??"]

1. e4 d5 2. exd5 Nf6 3. Nf3 Nxd5 4. d4 e6 5. c4 Nf6 6. Nc3 Be7 7. Be2 O-O 8.
O-O b6 9. Ne5 Bb7 10. Bf3 Qc8 11. Be3 Nfd7 12. Be4 Nxe5 13. dxe5 Bxe4 14. Nxe4
Nc6 15. Qh5 g6 16. Qh6 Nxe5 17. Bd4 f6 18. Ng5 fxg5 19. Bxe5 Rf7 20. Rad1 Qf8
21. Qh3 Re8 22. Bxc7 Bc5 23. Qg3 Qe7 24. Be5 Ref8 25. Rd2 Rf5 26. a3 a5 27. h3
Rd8 28. Re2 Qd7 29. Bc3 Qc6 30. Kh1 Bd4 31. Bxd4 Rxd4 32. Rfe1 Rd6 33. b4 Qd7
34. Qe3 Qc6 35. Rc1 Kf7 36. Kg1 Rd8 37. Rd2 Rxd2 38. Qxd2 axb4 39. axb4 Kg7 40.
Qe3 Rf4 41. c5 bxc5 42. Qe5+ Kh6 43. Rxc5 Qe4 44. Qxg5+ Kg7 45. Rc7+ Rf7 46.
Rxf7+ Kxf7 47. Qc5 Qb7 48. b5 Ke8 49. Qe5 Kf7 50. Qc5 Ke8 51. h4 Kd7 52. Qd4+
Qd5 53. Qxd5+ exd5 54. g4 Kd6 55. f4 1-0

[Event "2.BLS 0506 SG Turm Trier - Bayern Münch"]
[Site "?"]
[Date "2005.10.23"]
[Round "1.3"]
[White "Renner, Christoph"]
[Black "Flumbort, Andras"]
[Result "1-0"]
[WhiteElo "2447"]
[BlackElo "2448"]
[PlyCount "146"]
[EventDate "2005.??.??"]

1. e4 c5 2. d3 Nc6 3. g3 g6 4. Bg2 Bg7 5. Nf3 e5 6. O-O Nge7 7. c3 d5 8. exd5
Nxd5 9. Nbd2 O-O 10. Re1 h6 11. Nc4 Re8 12. Qb3 Nb6 13. Be3 Be6 14. Rad1 e4 15.
Nfd2 exd3 16. Qb5 Bg4 17. Bxc5 Bxd1 18. Rxd1 Nxc4 19. Nxc4 Re6 20. Bh3 f5 21.
Bf1 b6 22. Rxd3 Qf6 23. Bd6 Rc8 24. Bf4 Bf8 25. h4 g5 26. hxg5 hxg5 27. Bd2 Rd8
28. Rxd8 Nxd8 29. Ne3 Re5 30. Bc4+ Kh8 31. Nd5 Qc6 32. Qxc6 Nxc6 33. Bxg5 Re1+
34. Kg2 Ne5 35. Bb3 Bg7 36. Ne3 Rb1 37. Nxf5 Rxb2 38. Nxg7 Kxg7 39. Be3 Kf6 40.
Bd4 Kf5 41. Bg8 Nc6 42. Be3 Ne5 43. Kh3 Kg6 44. g4 Rc2 45. Bd5 Rxc3 46. Kh4 Kf6
47. Kh5 Rc8 48. Bg5+ Kg7 49. Bh6+ Kf6 50. f4 Nd7 51. Be4 Kf7 52. g5 Rc5 53. Kg4
b5 54. f5 Rc4 55. Kf3 Rc3+ 56. Kf4 Rc4 57. g6+ Kf6 58. Bg5+ Kg7 59. Ke3 a5 60.
Bd5 Rc2 61. Kd4 b4 62. Bd8 a4 63. Ba5 Nf6 64. Bxb4 Rc1 65. Be6 Rc2 66. Bc3 Rc1
67. Kc4 Rb1 68. Bf7 a3 69. Kc5 Rb2 70. Bb3 Rb1 71. Kb4 Rc1 72. Bd4 Rf1 73. Be6
Rf4 1-0

[Event "2.BLS 0506 SG Turm Trier - Bayern Münch"]
[Site "?"]
[Date "2005.10.23"]
[Round "1.4"]
[White "Seger, Ruediger"]
[Black "Meissner, Bernd-Guenther"]
[Result "1/2-1/2"]
[WhiteElo "2413"]
[BlackElo "2357"]
[PlyCount "75"]
[EventDate "2005.??.??"]

1. e4 e5 2. Nf3 Nf6 3. Nxe5 d6 4. Nf3 Nxe4 5. d4 d5 6. Bd3 Nc6 7. O-O Be7 8. c4
Nb4 9. Be2 O-O 10. Nc3 Bf5 11. a3 Nxc3 12. bxc3 Nc6 13. Re1 Re8 14. cxd5 Qxd5
15. Bf4 Na5 16. Bxc7 Rac8 17. Bxa5 Qxa5 18. Qb3 Be6 19. c4 Bf6 20. h3 g6 21.
Rac1 b6 22. Bf1 Red8 23. Red1 Bd7 24. Qb4 Qh5 25. Rd3 Bc6 26. Be2 Be4 27. Rdd1
Bxf3 28. Bxf3 Qh4 29. Bg4 Be7 30. c5 Rc7 31. Qb5 Qg5 32. Be2 Rxd4 33. Rxd4
Qxc1+ 34. Rd1 Qxc5 35. a4 Kg7 36. g3 a5 37. Rd7 Qxb5 38. Bxb5 {(=)} 1/2-1/2

[Event "2.BLS 0506 SG Turm Trier - Bayern Münch"]
[Site "?"]
[Date "2005.10.23"]
[Round "1.5"]
[White "Rodewis, Thomas Dr"]
[Black "Galyas, Miklos"]
[Result "1/2-1/2"]
[WhiteElo "2377"]
[BlackElo "2424"]
[PlyCount "59"]
[EventDate "2005.??.??"]

1. d4 Nf6 2. c4 g6 3. Nc3 Bg7 4. e4 d6 5. f3 O-O 6. Nge2 c5 7. d5 e6 8. Bg5 h6
9. Be3 exd5 10. cxd5 a6 11. a4 Nbd7 12. Ng3 h5 13. Be2 h4 14. Nf1 Nh7 15. g4 f5
16. gxf5 gxf5 17. Qd2 Qf6 18. exf5 Ne5 19. f4 Nf7 20. Ne4 Qxb2 21. Qxb2 Bxb2
22. Rg1+ Kh8 23. Rb1 Bg7 24. Rb6 Bxf5 25. Nxd6 Nxd6 26. Rxd6 Rad8 27. Bxc5 Rxd6
28. Bxd6 Rd8 29. Ne3 Bc3+ 30. Kf2 {(=)} 1/2-1/2

[Event "2.BLS 0506 SG Turm Trier - Bayern Münch"]
[Site "?"]
[Date "2005.10.23"]
[Round "1.6"]
[White "Cioara, Andrei Nestor"]
[Black "Lentrodt, Thomas"]
[Result "1/2-1/2"]
[WhiteElo "2436"]
[BlackElo "2312"]
[PlyCount "121"]
[EventDate "2005.??.??"]

1. e4 c5 2. Nf3 e6 3. d4 cxd4 4. Nxd4 a6 5. Bd3 Nf6 6. O-O Qc7 7. Qe2 d6 8. Kh1
e5 9. Nf5 Bxf5 10. exf5 Be7 11. c4 d5 12. cxd5 Nxd5 13. Be4 Nf6 14. Nc3 Nbd7
15. f4 Bd6 16. Rd1 Nc5 17. Rxd6 Nfxe4 18. Nxe4 Nxe4 19. Rd5 Nf6 20. Rxe5+ Kf8
21. b3 h5 22. Ba3+ Kg8 23. Rc1 Qd7 24. Rd1 Qc6 25. Re7 Nd5 26. Rc1 Nxe7 {(=)}
27. Rxc6 Nxc6 28. f6 gxf6 29. h3 Rd8 30. Qf2 h4 31. Qf3 f5 32. Bb2 Rh6 33. Qc3
Rd4 34. Qc5 Rd2 35. Ba3 Rhd6 36. Qxf5 Rg6 37. Qe4 Rxa2 38. Qe8+ Kg7 39. Bf8+
Kf6 40. Bd6 Rgxg2 41. Be5+ Nxe5 42. fxe5+ Kg7 43. e6 {(=)} Rh2+ 44. Kg1 Rag2+
45. Kf1 Rf2+ 46. Kg1 Rhg2+ 47. Kh1 fxe6 48. Qxe6 Rg6 49. Qe7+ Rf7 50. Qxh4 Rf1+
51. Kh2 Rfg1 52. Qe7+ Kh6 53. Qxb7 Rd1 54. Qf3 Rd2+ 55. Kh1 Rgd6 56. Qf8+ Kg6
57. Qg8+ Kf5 58. Qf7+ Ke4 59. h4 R6d3 60. Qe6+ Kd4 61. h5 1/2-1/2

[Event "2.BLS 0506 SG Turm Trier - Bayern Münch"]
[Site "?"]
[Date "2005.10.23"]
[Round "1.7"]
[White "Deglmann, Ludwig"]
[Black "Kolbus, Dietmar"]
[Result "1-0"]
[WhiteElo "2378"]
[BlackElo "2413"]
[PlyCount "75"]
[EventDate "2005.??.??"]

1. e4 c6 2. d4 d5 3. e5 Bf5 4. Be3 e6 5. Nd2 h6 6. Ngf3 Nd7 7. Be2 Bh7 8. O-O
Ne7 9. Ne1 c5 10. dxc5 Nxe5 11. f4 N5c6 12. Nb3 a6 13. Nf3 Be4 14. Nfd4 Qc7 15.
c3 Nf5 16. Nxf5 exf5 17. Nd2 g6 18. Nxe4 dxe4 19. b4 Bg7 20. Qb3 O-O 21. Rad1
Rfd8 22. a4 Rxd1 23. Rxd1 Rd8 24. Rxd8+ Nxd8 {(=)} 25. Bc4 h5 26. b5 axb5 27.
axb5 Bf8 28. c6 bxc6 29. b6 Qb8 30. Qa4 Bd6 31. g3 h4 32. Qa7 hxg3 33. hxg3 g5
34. fxg5 Bxg3 35. g6 Qd6 36. gxf7+ Kg7 37. b7 Be5 38. f8=Q+ 1-0

[Event "2.BLS 0506 SG Turm Trier - Bayern Münch"]
[Site "?"]
[Date "2005.10.23"]
[Round "1.8"]
[White "Niklasch, Oliver"]
[Black "Unzicker, Ferdinand Dr"]
[Result "1/2-1/2"]
[WhiteElo "2405"]
[BlackElo "2256"]
[PlyCount "51"]
[EventDate "2005.??.??"]

1. d4 Nf6 2. c4 e6 3. Nc3 d5 4. Bg5 Be7 5. e3 O-O 6. Nf3 h6 7. Bh4 b6 8. Bd3
Bb7 9. O-O dxc4 10. Bxc4 Nbd7 11. Qe2 Ne4 12. Bg3 Bd6 13. Rfd1 Qe7 14. Rac1
Rfd8 15. a3 Bxg3 16. hxg3 c5 17. Nxe4 Bxe4 18. dxc5 Nxc5 19. b4 Nd7 20. Ba6 Nf6
21. Rd4 Rd6 22. Qc4 Rc6 23. Qf1 Rd8 24. Rxc6 Bxc6 25. Ne5 Bd5 26. Qd1 1/2-1/2

[Event "2.BLS 0506 SC Bann - Bayern München"]
[Site "?"]
[Date "2005.11.13"]
[Round "2.1"]
[White "Marcelin, Cyril"]
[Black "Stocek, Jiri"]
[Result "1/2-1/2"]
[WhiteElo "2463"]
[BlackElo "2580"]
[PlyCount "80"]
[EventDate "2005.??.??"]

1. e4 c5 2. Nf3 d6 3. Bb5+ Nd7 4. d4 cxd4 5. Qxd4 a6 6. Bxd7+ Bxd7 7. Nc3 e5 8.
Qd3 h6 9. Nd2 Rc8 10. Nc4 Be6 11. Ne3 Nf6 12. O-O Be7 13. Ncd5 Nxd5 14. Nxd5
Qa5 15. Nxe7 Kxe7 16. Rd1 Rhd8 17. Bd2 Qb5 18. Bc3 f6 19. Qxb5 axb5 20. a3 d5
21. exd5 Bxd5 22. Rd2 Bc6 23. Rad1 Rxd2 24. Rxd2 Ke6 25. f3 g5 26. Kf2 h5 27.
h3 Rg8 28. Rd1 g4 29. hxg4 hxg4 30. Rh1 Rg5 31. Bd2 Rg6 32. Rh4 g3+ 33. Kf1 f5
34. Rh6 Rxh6 35. Bxh6 f4 36. Bg7 Be8 37. c3 Bg6 38. Kg1 Bc2 39. Bh8 Bb3 40. Bg7
Kf5 1/2-1/2

[Event "2.BLS 0506 SC Bann - Bayern München"]
[Site "?"]
[Date "2005.11.13"]
[Round "2.2"]
[White "Bunzmann, Dimitri"]
[Black "Heinzel, Olaf"]
[Result "1-0"]
[WhiteElo "2537"]
[BlackElo "2401"]
[PlyCount "89"]
[EventDate "2005.??.??"]

1. c4 e5 2. Nc3 g6 3. d4 d6 4. Nf3 Nd7 5. e4 Bg7 6. Be2 Ne7 7. O-O O-O 8. Be3
exd4 9. Nxd4 Nc6 10. Nxc6 bxc6 11. Qc2 Ne5 12. f4 Ng4 13. Bxg4 Bxg4 14. f5 gxf5
15. exf5 Re8 16. Qd2 Qf6 17. Rae1 Bxf5 18. Qf2 Re5 19. Bd4 Bd3 20. Bxe5 Qxf2+
21. Rxf2 Bxe5 22. c5 Bd4 23. cxd6 cxd6 24. Rd1 Bxf2+ 25. Kxf2 Bf5 26. Rxd6 Rc8
27. Ke3 Kf8 28. Kd4 Ke7 29. Kc5 Bd7 30. Rd2 Rg8 31. Ne4 Rb8 32. a4 Rb3 33. Re2
Bg4 34. Nd2+ Bxe2 35. Nxb3 Bf1 36. g3 Bg2 37. Nd4 Kd7 38. b4 Bh1 39. a5 Bg2 40.
Nf5 f6 41. Nd4 Be4 42. b5 cxb5 43. Nxb5 a6 44. Nc3 Bg2 45. Nd5 1-0

[Event "2.BLS 0506 SC Bann - Bayern München"]
[Site "?"]
[Date "2005.11.13"]
[Round "2.3"]
[White "Klebel, Martin Dr"]
[Black "Dolezal, Radoslav"]
[Result "0-1"]
[WhiteElo "2391"]
[BlackElo "2387"]
[PlyCount "78"]
[EventDate "2005.??.??"]

1. d4 Nf6 2. Nf3 e6 3. c4 b6 4. a3 c5 5. d5 Ba6 6. Qc2 Qe7 7. Bg5 exd5 8. cxd5
Qe4 9. Qxe4+ Nxe4 10. Nc3 Nxg5 11. Nxg5 Be7 12. Nf3 Bf6 13. e4 Bxf1 14. Rxf1 d6
15. O-O-O Bxc3 16. bxc3 Nd7 17. Nh4 g6 18. f4 O-O-O 19. c4 Rhe8 20. Rfe1 Re7
21. Nf3 Rde8 22. e5 dxe5 23. d6 Re6 24. fxe5 f6 25. Re4 h5 26. g4 hxg4 27. Rxg4
fxe5 28. Nh4 Rg8 29. Rdg1 Nf8 30. Nf5 Rh8 31. Ne7+ Kd7 32. Rf1 Rxd6 33. Nd5 Ke8
34. Re4 Nd7 35. Nc7+ Kd8 36. Nb5 Rd3 37. Nxa7 Rxa3 38. Nc6+ Kc7 39. Kb2 Rha8
0-1

[Event "2.BLS 0506 SC Bann - Bayern München"]
[Site "?"]
[Date "2005.11.13"]
[Round "2.4"]
[White "Nun, Jiri"]
[Black "Meissner, Bernd-Guenther"]
[Result "1/2-1/2"]
[WhiteElo "2376"]
[BlackElo "2357"]
[PlyCount "52"]
[EventDate "2005.??.??"]

1. e4 e5 2. Bc4 Nf6 3. d3 c6 4. Nf3 d6 5. Nbd2 g6 6. O-O Bg7 7. b4 O-O 8. a4
Na6 9. Ba3 Nc7 10. Bb3 Ne6 11. Nc4 Nf4 12. b5 c5 13. Re1 Kh8 14. c3 N6h5 15. d4
exd4 16. cxd4 Bg4 17. e5 cxd4 18. Bxd6 Re8 19. h3 Qd7 20. Re4 Bxh3 21. gxh3
Qxh3 22. Ne1 Ng3 23. fxg3 Qxg3+ 24. Kf1 Qh3+ 25. Kg1 Qg3+ 26. Kf1 Qh3+ 1/2-1/2

[Event "2.BLS 0506 SC Bann - Bayern München"]
[Site "?"]
[Date "2005.11.13"]
[Round "2.5"]
[White "Rodewis, Thomas Dr"]
[Black "Muraniy, Karl-Jasmin"]
[Result "1/2-1/2"]
[WhiteElo "2377"]
[BlackElo "2359"]
[PlyCount "54"]
[EventDate "2005.??.??"]

1. d4 d5 2. c4 c6 3. Nf3 Bf5 4. Nc3 e6 5. Qb3 Qb6 6. c5 Qc7 7. Bf4 Qc8 8. Nh4
Nf6 9. f3 Be7 10. e4 dxe4 11. Nxf5 exf5 12. Bc4 O-O 13. fxe4 b5 14. cxb6 axb6
15. exf5 b5 16. Bd3 Qd8 17. Ne2 Nd5 18. O-O Nd7 19. Kh1 Nxf4 20. Rxf4 Bd6 21.
Rf3 Nf6 22. Raf1 Re8 23. a3 Bc7 24. Rh3 Qd6 25. Qc3 Re3 26. Rh4 Rae8 27. Qc2 h6
1/2-1/2

[Event "2.BLS 0506 SC Bann - Bayern München"]
[Site "?"]
[Date "2005.11.13"]
[Round "2.6"]
[White "Baerwinkel, Tobias"]
[Black "Deglmann, Ludwig"]
[Result "1-0"]
[WhiteElo "2266"]
[BlackElo "2378"]
[PlyCount "81"]
[EventDate "2005.??.??"]

1. e4 e6 2. d3 d5 3. Nd2 Nf6 4. Ngf3 Nc6 5. Be2 e5 6. O-O Be7 7. c3 a5 8. b3
O-O 9. a3 b6 10. Bb2 Ba6 11. b4 axb4 12. axb4 d4 13. Rxa6 Rxa6 14. b5 Ra2 15.
Qb1 Rxb2 16. Qxb2 dxc3 17. Qxc3 Nd4 18. Nxd4 exd4 19. Qb2 Qd7 20. Nf3 Bc5 21.
Rc1 Qe7 22. Rc4 Nd7 23. Qa2 Ne5 24. Nxe5 Qxe5 25. g3 Qe8 26. Qb3 Qe6 27. Bd1
Ra8 28. Ra4 Rxa4 29. Qxa4 g6 30. Bb3 Qe7 31. Qa8+ Kg7 32. Qd5 Qf6 33. Kg2 h5
34. f4 h4 35. Bc4 hxg3 36. hxg3 Qe7 37. e5 Qe8 38. g4 Qe7 39. Kg3 Kf8 40. Qh1
Kg7 41. g5 1-0

[Event "2.BLS 0506 SC Bann - Bayern München"]
[Site "?"]
[Date "2005.11.13"]
[Round "2.7"]
[White "Unzicker, Ferdinand Dr"]
[Black "Mozny, Mylos"]
[Result "1/2-1/2"]
[WhiteElo "2256"]
[BlackElo "2364"]
[PlyCount "45"]
[EventDate "2005.??.??"]

1. d4 d5 2. Nf3 e6 3. c4 c5 4. cxd5 exd5 5. g3 Nc6 6. Bg2 Nf6 7. O-O Be7 8. Nc3
O-O 9. Bg5 c4 10. Ne5 Be6 11. e3 Ne8 12. Nxc6 bxc6 13. Bxe7 Qxe7 14. b3 Nd6 15.
bxc4 Nxc4 16. Qa4 Qd7 17. Rfc1 Rab8 18. Rab1 Rb6 19. Qd1 Nb2 20. Qc2 Rfb8 21.
e4 h6 22. Nd1 Nxd1 23. Rxd1 1/2-1/2

[Event "2.BLS 0506 SC Bann - Bayern München"]
[Site "?"]
[Date "2005.11.13"]
[Round "2.8"]
[White "Chalupa, Ivan"]
[Black "Schuetz, Guenter"]
[Result "0-1"]
[WhiteElo "2191"]
[BlackElo "2211"]
[PlyCount "54"]
[EventDate "2005.??.??"]

1. e4 c5 2. Nf3 Nc6 3. d4 cxd4 4. Nxd4 Nf6 5. Nc3 e5 6. Ndb5 d6 7. Bg5 a6 8.
Na3 b5 9. Bxf6 gxf6 10. Nd5 f5 11. exf5 Bxf5 12. c3 Bg7 13. Nc2 O-O 14. Nce3
Be6 15. Bd3 f5 16. O-O Ne7 17. Bc2 Ra7 18. Bb3 Kh8 19. a4 bxa4 20. Rxa4 Ng6 21.
Nb4 Bxb3 22. Qxb3 Qg5 23. Nc6 f4 24. Nxa7 fxe3 25. Qb6 e2 26. Re1 Nh4 27. Rxh4
Qd2 0-1

[Event "2.BLS 0506 Bad Mergentheim - SK Viernhe"]
[Site "?"]
[Date "2005.11.13"]
[Round "2.1"]
[White "Boguslavsky, Oleh"]
[Black "Korneev, Oleg"]
[Result "0-1"]
[WhiteElo "2386"]
[BlackElo "2601"]
[PlyCount "80"]
[EventDate "2005.??.??"]

1. e4 c5 2. Nf3 Nc6 3. d4 cxd4 4. Nxd4 Qb6 5. Nb3 Nf6 6. Nc3 e6 7. a3 a6 8. Be2
Be7 9. O-O O-O 10. Qd3 Qc7 11. f4 d5 12. e5 Nd7 13. Be3 b6 14. Nd4 Nc5 15. Qd2
Bb7 16. b4 Ne4 17. Nxe4 dxe4 18. Nxc6 Bxc6 19. c4 b5 20. Rac1 Qb7 21. Qc3 Rac8
22. Qb3 g6 23. Rfd1 bxc4 24. Bxc4 Bb5 25. h3 Rfd8 26. Rxd8+ Rxd8 27. Bc5 Bxc5+
28. bxc5 Qc6 29. Qe3 Kg7 30. Kh2 Rd7 31. Bxb5 axb5 32. Re1 Ra7 33. Rb1 Rc7 34.
Rb4 Qxc5 35. Qxe4 Rd7 36. Qe2 Rd5 37. h4 Qc1 38. Qf3 Rd1 39. Rxb5 Rf1 40. Qe4
Rxf4 0-1

[Event "2.BLS 0506 Bad Mergentheim - SK Viernhe"]
[Site "?"]
[Date "2005.11.13"]
[Round "2.2"]
[White "Ivanov, Mikhail M"]
[Black "Lazarev, Vladimir"]
[Result "1/2-1/2"]
[WhiteElo "2457"]
[BlackElo "2513"]
[PlyCount "26"]
[EventDate "2005.??.??"]

1. d4 Nf6 2. Nf3 d5 3. c4 e6 4. Nc3 Bb4 5. Qa4+ Nc6 6. Bd2 dxc4 7. e3 O-O 8.
Bxc4 a6 9. O-O Bd6 10. Be2 Bd7 11. Qb3 Rb8 12. Rfd1 Re8 13. Rac1 e5 1/2-1/2

[Event "2.BLS 0506 Bad Mergentheim - SK Viernhe"]
[Site "?"]
[Date "2005.11.13"]
[Round "2.3"]
[White "Mandel, Andreas"]
[Black "Karpatchev, Aleksandr"]
[Result "1-0"]
[WhiteElo "2410"]
[BlackElo "2507"]
[PlyCount "111"]
[EventDate "2005.??.??"]

1. d4 d5 2. c4 Nc6 3. Nc3 dxc4 4. Nf3 Nf6 5. e4 Bg4 6. Be3 e6 7. Bxc4 Bb4 8.
Qc2 O-O 9. Rd1 Qe7 10. Be2 e5 11. d5 Nd4 12. Nxd4 exd4 13. Rxd4 Bxe2 14. Kxe2
Ng4 15. Nd1 Bc5 16. Rc4 Bxe3 17. Nxe3 Nxe3 18. fxe3 Qg5 19. Kd1 c6 20. Qd2 Rad8
21. Rd4 c5 22. Rc4 b5 23. Rxc5 Qg4+ 24. Kc1 Rc8 25. b4 Qxe4 26. Rd1 a5 27. d6
axb4 28. Rxc8 Rxc8+ 29. Kb2 Qe5+ 30. Qd4 Qxh2 31. d7 Rd8 32. Qe4 Qb8 33. Qe7 g6
34. Rf1 Qa8 35. Qxf7+ Kh8 36. Qf6+ Kg8 37. Qe6+ Kh8 38. Rf7 Qa3+ 39. Kc2 Qc3+
40. Kd1 Qd3+ 41. Ke1 Qc3+ 42. Kf2 Qd2+ 43. Kg3 Qe1+ 44. Kh2 Qh4+ 45. Qh3 Qxh3+
46. Kxh3 Kg8 47. Re7 Kf8 48. Rxh7 Kg8 49. Re7 Kf8 50. Re8+ Rxe8 51. dxe8=Q+
Kxe8 52. Kg4 Ke7 53. Kf4 Ke6 54. Ke4 Kd6 55. Kd4 g5 56. g4 1-0

[Event "2.BLS 0506 Bad Mergentheim - SK Viernhe"]
[Site "?"]
[Date "2005.11.13"]
[Round "2.4"]
[White "Gasthofer, Alexander"]
[Black "Nguyen, Chi Minh"]
[Result "1-0"]
[WhiteElo "2418"]
[BlackElo "2371"]
[PlyCount "65"]
[EventDate "2005.??.??"]

1. c4 b6 2. Nf3 Nf6 3. g3 Bb7 4. Bg2 e6 5. O-O Be7 6. Nc3 O-O 7. Re1 Ne4 8.
Nxe4 Bxe4 9. d3 Bb7 10. e4 c5 11. d4 cxd4 12. Nxd4 Nc6 13. Be3 Nxd4 14. Qxd4
Bc5 15. Qd2 Rc8 16. b3 Qe7 17. Bxc5 Rxc5 18. Rad1 Rd8 19. Re3 Rc7 20. Rd3 Kf8
21. Qf4 Rc5 22. Rd6 Ke8 23. e5 Bxg2 24. Kxg2 f6 25. exf6 Qxf6 26. Qe4 Rf5 27.
R1d2 Qe5 28. Qd3 Rf7 29. Qxh7 Qf5 30. Qh4 g5 31. Qd4 Rh7 32. g4 Qf8 33. Rxe6+
1-0